| 000 | 00666nam a22001817a 4500 | ||
|---|---|---|---|
| 999 |
_c14977 _d14977 |
||
| 003 | OSt | ||
| 082 | _2631.56 ASH/MO | ||
| 088 | _aP 196 | ||
| 100 |
_aASHA THOMAS _aDEEPTHY K.R _aSUSHA LEKSHMI S.U _93816 |
||
| 245 | _aModified atmospheric packaging of fried bitter gourd | ||
| 260 |
_aTavanur 2009 _bDepartment of Post-Harvest Technology and Agricultural Processing |
||
| 300 | _a47 | ||
| 500 | _aModified atmospheric packaging of fried bitter gourd | ||
| 520 | _aModified atmospheric packaging of fried bitter gourd | ||
| 700 |
_aDr. Santhi Mary Mathew (Guide) _93359 |
||
| 856 | _uhttps://drive.google.com/open?id=1lmTBXl1e9Eol5zSGo5Ygrb1Sgh6CZdHW | ||
| 942 | _cPR | ||